| 000 | 00000nas 2200000za 4500 |
| 001 | 9.513272 |
| 003 | CaOODSP |
| 005 | 20200401114300 |
| 007 | ta |
| 008 | 150406d19911993onc x m #||||f| |0fre|d |
| 022 | |a1188-2751 |
| 040 | |aCaOODSP|bfre |
| 043 | |an-cn--- |
| 086 | 1 |aZ1-1989/2-41F |
| 245 | 00|aCollection d'études. |
| 260 | |aToronto : |bCommission royale sur la réforme électorale et le financement des partis : |bGroupe Communication Canada, Édition, Approvisionnements et Services Canada : |bDundurn Press ; |aMontréal : |bWilson & Lafleur Limitée, |c1991-1993. |
| 310 | |aIrrégulier |
| 362 | 1 |aParaît depuis volume 1 ; ne paraît plus après volume 23. |
| 710 | 1 |aCanada.|bCommissions royales. |bCommission royale sur la réforme électorale et le financement des partis. |
| 720 | 1 |aLortie, Pierre |
| 775 | 08|tResearch studies.|w(CaOODSP)9.514938 |
| 776 | 0#|tCollection d'études. |w(CaOODSP)9.873360 |